000 00890nam a2200217 a 4500
001 65394
003 BD-RjUL
005 20211209081424.0
008 170305s1957 ii ||||| |||| 00| j ben d
035 _a(BD-RjUL)65524
040 _aBD-RjUL
_bben
_cBD-RjUL
041 _aben
082 _223
_a891.44309
_bGOB 1994
100 1 _aগঙ্গোপাধ্যায়, নারায়ণ
_9190910
245 1 0 _aবাংলা গল্প-বিচিত্রা /
_cনারায়ণ গঙ্গোপাধ্যায়
260 _aকলিকাতা :
_bবেঙ্গল পাবলিশার্স,
_c১৯৫৭
300 _a২০৫ পৃ. ;
_c১৭ সেমি.
650 _aবাংলা উপন্যাস
_xইতিহাস ও সমালোচনা
_9179529
650 _aBengali Fiction
_xHistory and Criticism
_9188742
942 _2ddc
_cBK
999 _c65394
_d65394